2025 Minnesota Twins - Statistics

General Stats
  • This quiz has been taken 14 times
    8 since last reset
  • The average score is 39 of 57
Answer Stats
Position Jersey Number Player % Correct
Shortstop *4 Carlos Correa
100%
Left Fielder *12 Harrison Bader
100%
Closing Pitcher *59 Jhoan Durán
100%
Third Base 23 Royce Lewis
100%
Center Fielder 82 Austin Martin
83%
Starting Pitcher 17 Bailey Ober
83%
Third Base 2 Brooks Lee
83%
Center Fielder #25 Byron Buxton
83%
Second Base 47 Edouard Julien
83%
Starting Pitcher #41 Joe Ryan
83%
Third Base 64 José Miranda
83%
Second Base 18 Kody Clemens
83%
Second Base 15 Luke Keaschall
83%
Right Fielder 38 Matt Wallner
83%
Relief Pitcher 20 Mick Abel
83%
Catcher 27 Ryan Jeffers
83%
Starting Pitcher 24 Simeon Woods Richardson
83%
Designated Hitter 9 Trevor Larnach
83%
First Base *13 Ty France
83%
Second Base *50 Willi Castro
83%
Left Fielder 19 Alan Roden
67%
Relief Pitcher *61 Brock Stewart
67%
Starting Pitcher *20 Chris Paddack
67%
Catcher 8 Christian Vázquez
67%
Relief Pitcher 44 Cole Sands
67%
Relief Pitcher *54 Danny Coulombe
67%
Relief Pitcher *22 Griffin Jax
67%
Left Fielder 43 James Outman
67%
Relief Pitcher 48 Justin Topa
67%
Relief Pitcher 55 Kody Funderburk
67%
Relief Pitcher *37 Louis Varland
67%
Starting Pitcher 49 Pablo López
67%
Starting Pitcher 62 Pierson Ohl
67%
Relief Pitcher *68 Randy Dobnak
67%
Second Base 53 Ryan Fitzgerald
67%
Starting Pitcher 26 Taj Bradley
67%
Relief Pitcher 56 Thomas Hatch
67%
Relief Pitcher 45 Travis Adams
67%
Relief Pitcher 57 Anthony Misiewicz
50%
Relief Pitcher 61 Brooks Kriske
50%
Right Fielder 60 Carson McCusker
50%
Relief Pitcher 66 Cody Laweryson
50%
Relief Pitcher 51 Darren McCaughan
50%
Right Fielder 21 DaShawn Keirsey Jr.
50%
Starting Pitcher 58 David Festa
50%
Relief Pitcher 30 Erasmo Ramírez
50%
Relief Pitcher 92 Génesis Cabrera
50%
Catcher 65 Jhonny Pereda
50%
Relief Pitcher *63 Joey Wentz
50%
Third Base 31 Jonah Bride
50%
Relief Pitcher *66 Jorge Alcalá
50%
Starting Pitcher *54 José Ureña
50%
Relief Pitcher 39 Michael Tonkin
50%
Designated Hitter 11 Mickey Gasper
50%
Relief Pitcher 63 Noah Davis
50%
Relief Pitcher *60 Scott Blewett
50%
Starting Pitcher 52 Zebby Matthews
50%
No matching quizzes found
Score Distribution
Percent of People with Each Score
Percentile by Number Answered
Your Score History
You have not taken this quiz since the last reset